1674 1969 1560 1226 1521 1054 1389 1960 1058 1182 1169 1039 1520 1974 1546 1918 1159 1317 1959 1230 1399 1270 1052 1491 1996 1716 1263 1311 1180 1601 1003 1946 1405 1883 1805 1844 1398 1993 1343 1561 1156 1502 1032 1204 1099 1940 1324 1266 1147 1093 1262 1156 1050 1111 1632 1732 1950 1207 1048 1195 1216 1250 1020 1270 1666 1119 1300 1589 1424 1745 1373 1843 1711 1305 1462 1907 1636 1219 1674 1823 1853 1268 1217 1503 1558 1696 1725 1253 1589 1195 1059 1731 1259 1350 1440 1272 1115 1445 1398 BCNSPRNW ULIB Ver.6.0+V

เปลี่ยนเป็นภาษาไทย

Change to English
 แสดงรายละเอียดบรรณานุกรม
  กลับหน้าหลัก

Brief Record : Get Marc (ISO 2709) : E-mail record : QR code < ปิดหน้าต่าง
LEADER : 00000nam 2200000uu 4500
001    13399128854
003     ULIB
008    241021s2565||||th 000 0 tha d
020    ^a9786161403751
060 04 ^aQS4^bท374ร
100 1  ^aทาคาชิ, โอกิโนะ
245 10 ^aเรื่องลึกแต่ไม่ลับของร่างกายมนุษย์ /^cโอกิโนะ ทาคาชิ, เรียบเรียง ;แปลโดย สำนักพิมพ์ไดฟุกุ
246 3  ^aซีรีส์ สนุกจนตาสว่าง ภาพเข้าใจง่าย เรื่องลึกแต่ไม่ลับของร่างกายมนุษย์
250    ^aพิมพ์ครั้งที่ 1
260    ^aกรุงเทพฯ :^bไดฟูกุ,^c2565
300    ^a131, [1] หน้า :^bภาพประกอบ ;^c23 ซม.
490 1  ^aซีรีส์ สนุกจนตาสว่าง ภาพเข้าใจง่าย
505 2  ^aเรื่องลึกแต่ไม่ลับของสมองและเส้นประสาท --เรื่องลึกแต่ไม่ลับของอวัยวะในระบบย่อยอาหารและระบบปัสสาวะ --เรื่องลึกแต่ไม่ลับของระบบหายใจ ระบบหัวใจและหลอดเลือด --เรื่องลึกแต่ไม่ลับของอวัยวะรับความรู้สึก -- เรื่องลึกแต่ไม่ลับของกล้ามเนื้อโครงกระดูก และการออกกำลังกาย --เรื่องลึกแต่ไม่ลับของอวัยวะสืบพันธุ์และการเจริญเติบโตของเซลล์
650  4 ^aกายวิภาคศาสตร์
650  4 ^aร่างกาย
710 2  ^aสำนักพิมพ์ไดฟุกุล,^eผู้แปล
830  0 ^aซีรีส์ สนุกจนตาสว่าง ภาพเข้าใจง่าย
945    ^p230^l0^i011105
945    ^p230^l0^i011106
945    ^p230^l0^i011107
999    ^aประนอม เกษจรัล
รายการนี้ยังไม่มีแท็ก
คุณยังไม่ได้ล็อกอิน คุณสามารถมีกิจกรรมร่วมกับเว็บไซต์ได้ แต่ต้องล็อกอินก่อน ::
  ล็อกอิน

รายการสื่อสารสนเทศ

ลำดับที่ ประเภท เลขเรียก/บาร์โค้ด สถานที่ สถานะ
1. วิทยาศาสตร์การแพทย์ และสุขภาพ
หนังสือสำรอง
สถานะ=หนังสือสำรอง
QS4 ท374ร ฉ.1 
  Barcode: 011105
ห้องสมุดวิทยาเขตสวรรค์ประชารักษ์
►หนังสือทั่วไป
บนชั้น
2. วิทยาศาสตร์การแพทย์ และสุขภาพ
วิทยาศาสตร์การแพทย์ และสุขภาพ
QS4 ท374ร ฉ.2 
  Barcode: 011106
ห้องสมุดวิทยาเขตสวรรค์ประชารักษ์
►หนังสือทั่วไป
บนชั้น
3. วิทยาศาสตร์การแพทย์ และสุขภาพ
วิทยาศาสตร์การแพทย์ และสุขภาพ
QS4 ท374ร ฉ.3 
  Barcode: 011107
ห้องสมุดวิทยาเขตสวรรค์ประชารักษ์
►หนังสือทั่วไป
บนชั้น

รายการใกล้เคียง
    ผู้แต่ง [ทาคาชิ, โอกิโนะ]

    หัวเรื่อง [กายวิภาคศาสตร์]
    หัวเรื่อง [ร่างกาย]

BibComment


ยังไม่เคยถูกคอมเมนท์

คอมเมนท์ทรัพยากรรายการนี้
  คอมเมนท์: เรื่องลึกแต่ไม่ล..


 Copyright 2026. Bcnsprnw @Library